Best-Selling Manga 2013 Quiz Stats

 Plays Quiz not verified by Sporcle

Challenge
Share
Tweet
Embed
Score 0/30 Timer 06:00
0 Plays Today
Rank Manga % Correct
#1One Piece
99.2%
#5Naruto
95.8%
#15Bleach
92.4%
#2Attack on Titan
80.5%
#9Fairy Tail
72.9%
#3Kuroko's Basketball
59.3%
#8Hunter x Hunter
57.6%
#12Gintama
51.7%
#13Toriko
41.5%
#4Magi: The Labyrinth of Magic
40.7%
#7Assassination Classroom
39.8%
#24Detective Conan
36.4%
#19Blue Exorcist
35.6%
#22Haikyuu!!
31.4%
#28Black Butler
30.5%
Rank Manga % Correct
#30Nisekoi
30.5%
#16JoJo's Bizarre Adventure
28.8%
#26JoJo's Bizarre Adventure (pocket-size version)
28.8%
#27Tokyo Ghoul
28.8%
#6Silver Spoon
23.7%
#11Kimi ni Todoke
22.9%
#25Sket Dance
20.3%
#14Kingdom
16.9%
#10Terra Formars
14.4%
#21Ao Haru Ride
14.4%
#23Daiya no Ace
14.4%
#29To Love-Ru Darkness
12.7%
#20Chihayafuru
10.2%
#17Space Brothers
7.6%
#18Saint Young Men
5.1%

You're not logged in!

Compare scores with friends on all Sporcle quizzes.
Join for Free
OR
Log In

You Might Also Like...

Show Comments

Extras

Top Quizzes Today


Score Distribution

Your Account Isn't Verified!

In order to create a playlist on Sporcle, you need to verify the email address you used during registration. Go to your Sporcle Settings to finish the process.

Report this User

Report this user for behavior that violates our Community Guidelines.

Details: